00270nam a2200097Ia 4500008004100000082001800041100001800059245004100077260004100118300001300159230907s9999||||xx |||||||||||||| ||und|| a658.1599bMAD aMadura, Jeff. 0aInternational financial management / aWest Pub. Co.,bSt. Paul, MN :c2014 a671 p. :